Crepúsculo (Registo nº 1006)

Detalhes MARC
000 -Etiqueta do registo
Cabeçalho 00876nam a2200337 i 4500
005 - Identificador da versão
Campo de controlo 20240813121821.0
010 ## - Número internacional normalizado dos livros (ISBN)
Número (ISBN) 9789895572700
021 ## - Número do Depósito Legal
Código do país PT
Número 287627/09
035 ## - Other System Control Numbers
System Control Number 0001071
System Control Number 0001054
100 ## - Dados gerais de processamento
Dados gerais de processamento 20090316d2009 m y0pory5003 ba
102 ## - Pais de publicação ou produção
País de publicação Portugal
101 1# - Língua de publicação
Língua do texto, banda sonora, etc. Português
Língua do documento no original Inglês
106 ## - Campo de dados codificados: material textual
Dados codificados do material textual r
105 ## - Campo de dados codificados: livros
Dados codificados dos livros y z 000ay
215 ## - Descrição física 
Indicação específica da natureza do documento e extensão da espécie 477, [3] p.
Dimensões 25 cm
200 1# - Titulo e menção de responsabilidade
Título próprio Crepúsculo
Primeira menção de responsabilidade Stephenie Meyer
Outras menções de responsabilidade trad. Vera Falcão Martins
225 2# - Colecção 
Título próprio da colecção 1001 Mundos
Nome de uma parte ou secção Luz e escuridão
Indicação de volume 1
205 ## - Menção da edição
Menção da edição 5ª ed
210 ## - Publicação, Distribuição, etc. 
Lugar da edição, distribuição, etc. Vila Nova de Gaia
Nome do editor, distribuidor, etc. Gailivro
Data da publicação, distribuição, etc. 2009
300 ## - Notas gerais 
Texto da nota Tit. orig.: Twilight
327 1# - Nota de conteúdo 
Texto da nota 1º vol.
517 1# - Outras variantes do título
Variant Title Twilight
675 ## - Classificação Decimal Universal (CDU)
Notação 82-31
Edição BN
Língua da edição por
702 #1 - Nome de autor-pessoa física (responsabilidade secundária)
Número de registo de entrada de autoridade 0001359
Palavra de ordem Martins
Outra parte do nome não tomada para palavra de ordem Vera Falcão
Código de função Tradutor
700 #1 - Nome de autor-pessoa física (responsabilidade principal)
Número de registo de entrada de autoridade 0001358
Palavra de ordem Meyer
Outra parte do nome não tomada para palavra de ordem Stephenie
942 ## - Elementos de entrada adicionados (Koha)
Tipo de item no Koha Livro
Exemplares
Situação do levantamento Origin of item (home branch) (coded) Biblioteca de empréstimo Código de barras Cota Circulation type (not for loan) Tipo de documento Nota do exemplar Damaged status
  Biblioteca Escolar Eng. Nuno Mergulhão Biblioteca Escolar Eng. Nuno Mergulhão BENM1761 8EST MEY   Livro Sem mensagem